[Event "GRE-chT"]
[Site "Athens"]
[Date "1996.??.??"]
[Round "4"]
[White "Kotronias, Vasilios"]
[Black "Daniilidis, Aris"]
[Result "1-0"]
[WhiteElo "2615"]
[BlackElo "2325"]
[PlyCount "61"]
[EventDate "1996.??.??"]
[Source "ChessBase"]

1. e4 e6 2. d4 d5 3. Nd2 c5 4. exd5 Qxd5 5. Ngf3 cxd4 6. Bc4 Qd8 7. O-O Ne7 8. Nb3 Qc7 9. Qe2 Ng6 10. Nbxd4 Nc6 11. Nxc6 bxc6 12. b3 Bd6 13. Bb2 O-O 14. Rad1 Bb7 15. Ba6 Bxa6 16. Qxa6 Bc5 17. Qc4 Qe7 18. h4 Ba3 19. Bxa3 Qxa3 20. h5 Ne7 21. h6 gxh6 22. Qf4 Qb2 23. Rd7 Nd5 24. Qxh6 Qxc2 25. Ne5 Qe4 26. f4 Qf5 27. Rf3 Qf6 28. Rg3+ Kh8 29. Qxf6+ Nxf6 30. Nxf7+ Rxf7 31. Rxf7 1-0

[Event "JUG-chT"]
[Site "Tivat"]
[Date "1995.??.??"]
[Round "2"]
[White "Lazic, Miroljub"]
[Black "Kosic, Dragan"]
[Result "1/2-1/2"]
[WhiteElo "2420"]
[BlackElo "2515"]
[PlyCount "41"]
[EventDate "1995.??.??"]
[Source "ChessBase"]

1. e4 e6 2. d4 d5 3. Nd2 c5 4. exd5 Qxd5 5. Ngf3 cxd4 6. Bc4 Qd8 7. O-O a6 8. a4 Ne7 9. Nb3 Qc7 10. Qe2 Nbc6 11. Nbxd4 Nxd4 12. Nxd4 Ng6 13. Bb3 Bd6 14. Qh5 O-O 15. Be3 Bf4 16. Rfe1 Bd7 17. Nf3 h6 18. Bxf4 Qxf4 19. Ne5 Nxe5 20. Qxe5 Qxe5 21. Rxe5 1/2-1/2

[Event "Mondariz op 7th"]
[Site "?"]
[Date "2000.07.28"]
[Round "3"]
[White "Korneev Oleg"]
[Black "Guerra Bastida Diego"]
[Result "1-0"]
[WhiteElo "2619"]
[BlackElo "2305"]
[PlyCount "53"]
[EventDate "2000.??.??"]
[Source "www.chesslib.no"]
[SourceDate "2004.05.04"]

1. e4 e6 2. d4 d5 3. Nd2 c5 4. exd5 Qxd5 5. Ngf3 cxd4 6. Bc4 Qd8 7. O-O a6 8. Nb3 Qc7 9. Qe2 Nc6 10. Rd1 Bd6 11. Nbxd4 Nxd4 12. Rxd4 Ne7 13. Bb3 O-O 14. Rc4 Qb8 15. Rh4 Ng6 16. Rh5 h6 17. g3 e5 18. Qe4 Kh8 19. Bxh6 gxh6 20. Rxh6+ Kg7 21. Bxf7 Kxf7 22. Qxg6+ Ke7 23. Rh7+ Kd8 24. Rd1 Bf5 25. Rxd6+ Kc8 26. Rf6 Qd6 27. Qxf5+ 1-0

[Event "Ajvatovica IM"]
[Site "Donji Vakuf"]
[Date "2001.06.16"]
[Round "2"]
[White "Leventic, Ivan"]
[Black "Kosic, Dragan"]
[Result "1/2-1/2"]
[WhiteElo "2408"]
[BlackElo "2508"]
[PlyCount "30"]
[EventDate "2001.06.15"]
[Source "ChessBase"]
[SourceDate "2001.07.03"]

1. e4 e6 2. d4 d5 3. Nd2 c5 4. Ngf3 cxd4 5. exd5 Qxd5 6. Bc4 Qd8 7. O-O a6 8. Qe2 Nc6 9. Rd1 Nge7 10. Nb3 Qc7 11. Nbxd4 Nxd4 12. Nxd4 Bd7 13. Bg5 Ng6 14. Re1 Be7 15. Bxe7 Nxe7 1/2-1/2

[Event "Southern California-ch"]
[Site "Los Angeles"]
[Date "2001.07.15"]
[Round "4"]
[White "Peters, John A"]
[Black "Lakdawala, Cyrus"]
[Result "1/2-1/2"]
[WhiteElo "2462"]
[BlackElo "2438"]
[PlyCount "113"]
[EventDate "2001.07.14"]
[Source "ChessBase"]
[SourceDate "2001.09.11"]

1. e4 e6 2. d4 d5 3. Nd2 c5 4. exd5 Qxd5 5. Ngf3 cxd4 6. Bc4 Qd8 7. O-O Nc6 8. Nb3 Nf6 9. Nbxd4 Nxd4 10. Nxd4 a6 11. Re1 Qc7 12. Qe2 Bd6 13. Nf3 b5 14. Bd3 Bb7 15. Ne5 O-O 16. Bf4 Nd5 17. Bg3 Nb4 18. Rad1 Rad8 19. c3 Nxd3 20. Rxd3 f6 21. Ng4 e5 22. Red1 Be7 23. f3 Rxd3 24. Rxd3 Rd8 25. Ne3 Rxd3 26. Qxd3 Qd6 27. Qxd6 Bxd6 28. Bf2 Kf7 29. Nf5 Bf8 30. Bb6 Ke6 31. Ne3 f5 32. Kf2 Bd6 33. Nf1 e4 34. Nd2 Bxh2 35. fxe4 Be5 36. exf5+ Kxf5 37. Nb3 Bd5 38. Nc5 Bxa2 39. Nxa6 Bd5 40. Nb4 Be4 41. Be3 h5 42. Na6 h4 43. Nc5 Bd5 44. Kg1 g5 45. Bf2 Bf6 46. Nd7 Bg7 47. Kh2 Bc6 48. Nb6 Be5+ 49. Kg1 Ke4 50. c4 b4 51. b3 Kd3 52. Nd5 Bxd5 53. cxd5 Bd6 54. Bb6 g4 55. Bd8 h3 56. gxh3 gxh3 57. Ba5 1/2-1/2

[Event "Novi Becej 73/320"]
[Site "?"]
[Date "1998.??.??"]
[Round "?"]
[White "Maksimovic, Branimir"]
[Black "Kosic, Dragan"]
[Result "0-1"]
[WhiteElo "2390"]
[BlackElo "2500"]
[PlyCount "88"]
[EventDate "1998.??.??"]
[Source "ChessBase"]
[SourceDate "1998.06.01"]

1. e4 e6 2. d4 d5 3. Nd2 c5 4. exd5 Qxd5 5. Ngf3 cxd4 6. Bc4 Qd8 7. Nb3 Bb4+ 8. Bd2 Bxd2+ 9. Qxd2 Nf6 10. Nbxd4 O-O 11. O-O-O Qc7 12. Qe2 Nc6 13. Nxc6 Qxc6 14. Ne5 Qxg2 15. Rhe1 Qxh2 16. Qe3 Qh4 17. Rh1 Qe4 18. Qg5 Qf5 19. Qxf5 exf5 20. Nxf7 b5 21. Bb3 g6 22. Rde1 Bb7 23. Nd6+ Bd5 24. Bxd5+ Nxd5 25. Re5 Nf6 26. Nxb5 Rf7 27. c4 Ne4 28. Rh2 a6 29. Na3 Rd7 30. f3 Ng5 31. Re3 f4 32. Rc3 Rad8 33. Kc2 Ne6 34. b3 Kg7 35. Nb1 g5 36. Nd2 Kg6 37. c5 h5 38. b4 g4 39. fxg4 hxg4 40. Ra3 g3 41. Rg2 Rxd2+ 42. Rxd2 Rxd2+ 43. Kxd2 g2 44. Rxa6 Kf5 0-1

[Event "Budapest FS04 GM"]
[Site "Budapest"]
[Date "1996.??.??"]
[Round "13"]
[White "Acs, Peter"]
[Black "Tolnai, Tibor"]
[Result "1-0"]
[WhiteElo "2440"]
[BlackElo "2450"]
[PlyCount "69"]
[EventDate "1996.04.??"]
[Source "ChessBase"]

1. e4 e6 2. d4 d5 3. Nd2 c5 4. Ngf3 cxd4 5. exd5 Qxd5 6. Bc4 Qd8 7. O-O a6 8. Nb3 Nc6 9. Qe2 Bd6 10. Rd1 Nge7 11. Nbxd4 Nxd4 12. Nxd4 Qc7 13. Bg5 Bxh2+ 14. Kh1 Bf4 15. Bb5+ axb5 16. Nxb5 Qe5 17. Bxf4 Qxf4 18. Nd6+ Kf8 19. Qb5 Nc6 20. Nxb7 Qh4+ 21. Kg1 Qe7 22. Nc5 Qc7 23. Ne4 Ra5 24. Qc4 Rd5 25. Rxd5 exd5 26. Qxd5 Ne7 27. Qd4 f5 28. Rd1 Kf7 29. Nd6+ Kg6 30. Rd3 f4 31. Qxf4 h5 32. Qf7+ Kh6 33. Rg3 Bg4 34. Nf5+ Kg5 35. Nxe7 1-0

[Event "ISR-chT"]
[Site "Israel"]
[Date "1996.??.??"]
[Round "4"]
[White "Liss, Eran"]
[Black "Bykhovsky, Avigdor"]
[Result "1-0"]
[WhiteElo "2480"]
[BlackElo "2405"]
[PlyCount "75"]
[EventDate "1996.??.??"]
[Source "ChessBase"]

1. e4 e6 2. d4 d5 3. Nd2 c5 4. exd5 Qxd5 5. Ngf3 cxd4 6. Bc4 Qd8 7. O-O a6 8. Nb3 Qc7 9. Qe2 Bd6 10. Nbxd4 Ne7 11. Re1 Nbc6 12. Nxc6 Nxc6 13. Qe4 Bd7 14. b3 Na5 15. Be2 Bc6 16. Qh4 Bxf3 17. Bxf3 Be5 18. Rb1 Bf6 19. Qa4+ Nc6 20. Bf4 Qb6 21. Red1 O-O 22. Rd7 Nd4 23. Be3 Nxf3+ 24. gxf3 Qb5 25. Qxb5 axb5 26. Rxb7 Rxa2 27. Rc1 Bb2 28. Rd1 Bf6 29. Rc7 h6 30. Rdd7 Be5 31. Rc5 Bb8 32. Rc6 g5 33. Rb7 Bf4 34. Bxf4 gxf4 35. Rxb5 Rd8 36. Rc4 Rd2 37. Rbc5 Kg7 38. Kg2 1-0

[Event "EuTChw, Leon ESP"]
[Site "?"]
[Date "2001.??.??"]
[Round "5"]
[White "Skripchenko, A."]
[Black "Radziewicz, I."]
[Result "1/2-1/2"]
[WhiteElo "2495"]
[BlackElo "2385"]
[PlyCount "28"]
[EventDate "2001.??.??"]
[Source "www.chesslib.no"]
[SourceDate "2004.05.04"]

1. e4 e6 2. d4 d5 3. Nd2 c5 4. exd5 Qxd5 5. Ngf3 cxd4 6. Bc4 Qd8 7. Nb3 Nc6 8. Nbxd4 Nxd4 9. Qxd4 Qxd4 10. Nxd4 Bd7 11. Bf4 Rc8 12. Bb3 Nf6 13. O-O-O Bc5 14. Rhe1 O-O 1/2-1/2

[Event "JUG Cup"]
[Site "Ulcinj"]
[Date "1998.??.??"]
[Round "5"]
[White "Zlatic, Mihajlo"]
[Black "Kosic, Dragan"]
[Result "0-1"]
[WhiteElo "2375"]
[BlackElo "2500"]
[PlyCount "64"]
[EventDate "1998.??.??"]
[Source "www.chesslib.no"]
[SourceDate "2004.05.04"]

1. e4 e6 2. d4 d5 3. Nd2 c5 4. exd5 Qxd5 5. Ngf3 cxd4 6. Bc4 Qd8 7. O-O a6 8. Nb3 Qc7 9. Bd3 Nc6 10. Nbxd4 Nxd4 11. Nxd4 Bd6 12. h3 Ne7 13. Re1 e5 14. Nb3 Be6 15. Bd2 O-O 16. Qe2 Nc6 17. Rad1 Rae8 18. c3 Kh8 19. Bc1 f5 20. Bc4 Bc8 21. Bg5 e4 22. Qh5 Ne5 23. Bd5 Ng6 24. Qe2 Nf4 25. Qc4 Nxd5 26. Qxd5 Re6 27. Be3 b6 28. Bd4 Rg6 29. Kh1 Bb7 30. Bxb6 Qxb6 31. Qd4 Qc7 32. c4 f4 0-1

[Event "CADAP"]
[Site "?"]
[Date "2001.05.15"]
[Round "?"]
[White "Guizar Dr.Clemente (MEX)"]
[Black "Andersen Jens (GER)"]
[Result "1/2-1/2"]
[WhiteElo "2374"]
[BlackElo "2501"]
[PlyCount "122"]
[EventDate "2001.??.??"]
[Source "www.chesslib.no"]
[SourceDate "2004.05.04"]

1. e4 e6 2. d4 d5 3. Nd2 c5 4. exd5 Qxd5 5. Ngf3 cxd4 6. Bc4 Qd8 7. O-O a6 8. Nb3 Qc7 9. Bd3 Nc6 10. Nbxd4 Nxd4 11. Nxd4 Nf6 12. Bg5 Be7 13. Re1 h6 14. Bh4 O-O 15. c3 b5 16. a4 bxa4 17. Rxa4 Bb7 18. Qe2 a5 19. Bg3 Qb6 20. Nf3 Bc6 21. Ra2 Qb7 22. Rea1 a4 23. Bc2 Rfd8 24. Be5 Nd7 25. Bd4 Nc5 26. Ne5 Nb3 27. Qd3 f5 28. Bxb3 axb3 29. Rxa8 Rxa8 30. Rxa8+ Qxa8 31. Nxc6 Qxc6 32. Qg3 Bf8 33. h4 Qe4 34. Qg6 Qb1+ 35. Kh2 Qxb2 36. Qxe6+ Kh7 37. Qxf5+ Kg8 38. Qe6+ Kh7 39. Qe4+ Kg8 40. g3 Qa3 41. Qb7 b2 42. c4 Qa2 43. Bxb2 Qxc4 44. h5 Qf7 45. Qxf7+ Kxf7 46. Kh3 Bc5 47. f4 Be3 48. Ba1 Bd2 49. Kg4 Be1 50. Kf3 Bd2 51. g4 Bc1 52. Ke4 Bd2 53. Kf5 Bc1 54. g5 hxg5 55. fxg5 g6+ 56. hxg6+ Kg8 57. Kf6 Be3 58. Be5 Bd2 59. Ba1 Be3 60. Be5 Bd2 61. Ba1 Be3 1/2-1/2

[Event "BL2-S 9495"]
[Site "GER"]
[Date "1995.??.??"]
[Round "?"]
[White "Tompa, Janos"]
[Black "Klebel, Martin"]
[Result "1/2-1/2"]
[WhiteElo "2450"]
[BlackElo "2420"]
[PlyCount "110"]
[EventDate "1994.??.??"]
[Source "www.chesslib.no"]
[SourceDate "2004.05.04"]

1. e4 e6 2. d4 d5 3. Nd2 c5 4. exd5 Qxd5 5. Ngf3 cxd4 6. Bc4 Qd8 7. O-O a6 8. Nb3 Qc7 9. Qe2 Bd6 10. Nbxd4 Ne7 11. Re1 O-O 12. Bd3 Nd7 13. Bxh7+ Kxh7 14. Nxe6 Qc6 15. Nxf8+ Nxf8 16. Ne5 Bxe5 17. Qxe5 Be6 18. Bg5 Nfg6 19. Qe2 Rc8 20. c3 Nd5 21. Rad1 Ndf4 22. Bxf4 Nxf4 23. Qe4+ Qxe4 24. Rxe4 Nd5 25. f3 Rc7 26. c4 Nf6 27. Rh4+ Kg6 28. b3 b5 29. cxb5 axb5 30. Rd2 Rc1+ 31. Kf2 Nd5 32. a4 bxa4 33. Rxa4 Rb1 34. Rad4 Nc3 35. b4 Na2 36. Rd1 Rb2+ 37. R1d2 Rb1 38. Rd1 Rxb4 39. Rxb4 Nxb4 40. g4 Kf6 41. Kg3 g5 42. h4 gxh4+ 43. Kxh4 Nd5 44. Rd4 Kg6 45. Re4 Kf6 46. Kg3 Kg6 47. Re5 Nf6 48. Re1 Kg7 49. Kf4 Kg6 50. Re5 Nd5+ 51. Kg3 Nf6 52. Ra5 Kg7 53. Rg5+ Kh6 54. Kh4 Kh7 55. Kg3 Kh6 1/2-1/2

[Event "First Saturday 2007 febbraio GM"]
[Site "Budapest UNG"]
[Date "2007.02.13"]
[Round "10"]
[White "Somborski, Nebojsa"]
[Black "Kosic, Dragan"]
[Result "1/2-1/2"]
[WhiteElo "2362"]
[BlackElo "2504"]
[PlyCount "54"]
[EventDate "2007.02.04"]
[Source "www.chesslib.no"]
[SourceDate "2004.05.04"]

1. e4 e6 2. d4 d5 3. Nd2 c5 4. exd5 Qxd5 5. Ngf3 cxd4 6. Bc4 Qd8 7. O-O a6 8. Nb3 Qc7 9. Qe2 Bd6 10. Nbxd4 Ne7 11. Re1 Nbc6 12. Nxc6 Nxc6 13. c3 Bd7 14. a4 O-O 15. h3 Rae8 16. Be3 h6 17. b4 Ne7 18. a5 Rc8 19. Nd2 Ng6 20. Bd3 Nf4 21. Bxf4 Bxf4 22. Nc4 Bb5 23. Nb6 Bxd3 24. Qxd3 Rcd8 25. Qf3 Bd2 26. Reb1 Rd6 27. Na4 Rb8 1/2-1/2

[Event "GRE-chT"]
[Site "Athens"]
[Date "1996.??.??"]
[Round "7"]
[White "Daniilidis, Aris"]
[Black "Kosic, Dragan"]
[Result "0-1"]
[WhiteElo "2325"]
[BlackElo "2530"]
[PlyCount "92"]
[EventDate "1996.??.??"]
[Source "ChessBase"]

1. e4 e6 2. d4 d5 3. Nd2 c5 4. exd5 Qxd5 5. Ngf3 cxd4 6. Bc4 Qd8 7. O-O a6 8. Nb3 Qc7 9. Qe2 Bd6 10. Nbxd4 Ne7 11. Re1 Nbc6 12. Nxc6 Nxc6 13. Qe4 Bd7 14. Bg5 h6 15. Bh4 g5 16. Bg3 Bxg3 17. hxg3 O-O-O 18. b3 Kb8 19. Rad1 Rde8 20. Qe3 Bc8 21. Bd3 f6 22. Be4 h5 23. Qc3 e5 24. Bxc6 Qxc6 25. Qxc6 bxc6 26. Rd6 Re6 27. Rxe6 Bxe6 28. Nd4 Bd7 29. Ne2 Bf5 30. Rd1 Kc7 31. c3 a5 32. f3 a4 33. Rd2 Be6 34. Nc1 Rb8 35. b4 a3 36. Kf2 h4 37. g4 Bc4 38. Ke3 Rh8 39. Nd3 Rd8 40. Ne1 Rxd2 41. Kxd2 Bxa2 42. Nc2 Bc4 43. Nxa3 Bf1 44. Nc2 Bxg2 45. Ke2 e4 46. fxe4 h3 0-1

[Event "Elista ol (Men)"]
[Site "Elista"]
[Date "1998.10.11"]
[Round "12"]
[White "Shovunov, Baatr"]
[Black "Manninen, Marko"]
[Result "1/2-1/2"]
[WhiteElo "2470"]
[BlackElo "2385"]
[PlyCount "142"]
[EventDate "1998.09.29"]
[Source "ChessBase"]
[SourceDate "1998.11.06"]

1. e4 e6 2. d4 d5 3. Nd2 c5 4. Ngf3 cxd4 5. exd5 Qxd5 6. Bc4 Qd8 7. O-O a6 8. Nb3 Qc7 9. Qe2 Bd6 10. Nbxd4 Ne7 11. Re1 Nbc6 12. Nxc6 Nxc6 13. Bd3 Bd7 14. a3 Bf4 15. b4 Bxc1 16. Raxc1 Rd8 17. c4 Bc8 18. Qe4 Ne7 19. h4 f6 20. c5 Qc6 21. Qe2 Qc7 22. Bc4 Nd5 23. Nd4 e5 24. Qe4 Ne7 25. Ne6 Bxe6 26. Bxe6 Rd4 27. Qc2 Nc6 28. g3 Ke7 29. Bh3 g6 30. Qb3 Kf8 31. Rcd1 Kg7 32. Rxd4 Nxd4 33. Qd3 Rd8 34. Rd1 f5 35. Bg2 e4 36. Qc3 Qe5 37. Kh1 Qf6 38. Qe3 Nc2 39. Qc1 Rxd1+ 40. Qxd1 Qa1 41. Qxa1+ Nxa1 42. f3 e3 43. Kg1 Nc2 44. Kf1 f4 45. gxf4 Nxa3 46. Bh3 Nc2 47. Bc8 Nxb4 48. Bxb7 a5 49. c6 Nd5 50. Ba6 a4 51. Bc4 Nb6 52. Ba2 Kh6 53. Ke2 Kh5 54. c7 Kxh4 55. Kxe3 Kg3 56. Be6 a3 57. f5 gxf5 58. Kd4 h5 59. Kc5 Nc8 60. Kb4 Ne7 61. Kxa3 Kf4 62. Kb4 Ke5 63. c8=Q Nxc8 64. Bxc8 h4 65. Ba6 Kf4 66. Kc3 Kxf3 67. Kd2 Kf2 68. Bb7 h3 69. Bc6 f4 70. Bh1 Kg1 71. Bf3 Kf1 1/2-1/2

[Event "Suetin mem"]
[Site "Tula"]
[Date "2002.03.24"]
[Round "2"]
[White "Yandemirov, Valeri"]
[Black "Kozlov, Viktor Mihail"]
[Result "1/2-1/2"]
[WhiteElo "2502"]
[BlackElo "2349"]
[PlyCount "58"]
[EventDate "2002.03.23"]
[Source "ChessBase"]
[SourceDate "2002.05.03"]

1. e4 e6 2. d4 d5 3. Nd2 c5 4. exd5 Qxd5 5. Ngf3 cxd4 6. Bc4 Qd8 7. O-O a6 8. Nb3 Qc7 9. Qe2 Bd6 10. Nbxd4 Ne7 11. Rd1 Nbc6 12. Nxc6 Nxc6 13. Qd2 Ne5 14. Qxd6 Qxd6 15. Rxd6 Nxc4 16. Rd4 Na5 17. Rg4 Rg8 18. Ne5 f6 19. Bd2 Nc6 20. Nxc6 bxc6 21. Rc4 Rb8 22. Rxc6 Kd7 23. Rc4 Rxb2 24. Rd1 Rb5 25. Bf4+ Rd5 26. Rc7+ Kd8 27. Rxd5+ exd5 28. Rc5 Bb7 29. h4 Re8 1/2-1/2

[Event "CADAP"]
[Site "?"]
[Date "2001.05.15"]
[Round "?"]
[White "Bulgarini Marco (CHI)"]
[Black "Andersen Jens (GER)"]
[Result "1/2-1/2"]
[WhiteElo "2347"]
[BlackElo "2501"]
[PlyCount "61"]
[EventDate "2001.??.??"]
[Source "www.chesslib.no"]
[SourceDate "2004.05.04"]

1. e4 e6 2. d4 d5 3. Nd2 c5 4. Ngf3 cxd4 5. exd5 Qxd5 6. Bc4 Qd8 7. O-O a6 8. Nb3 Qc7 9. Qe2 Nc6 10. Rd1 Bd6 11. Nbxd4 Nge7 12. Nxc6 Nxc6 13. Qd3 Be7 14. Qe4 b5 15. Bf4 Qb6 16. Be3 Qc7 17. Bb3 Bb7 18. Qg4 O-O 19. Bf4 Qc8 20. c3 Na5 21. Ne5 Nxb3 22. Bh6 Bf6 23. Nd7 Kh8 24. Nxf6 gxh6 25. Qh5 Qc6 26. Rd5 Rg8 27. Qxh6 Rg7 28. Rg5 Qxg2+ 29. Rxg2 Bxg2 30. axb3 Bh3+ 31. Kh1 1/2-1/2

[Event "HUN-chT1 9596"]
[Site "HUN"]
[Date "1995.??.??"]
[Round "6"]
[White "Tolnai, Tibor"]
[Black "Almasi, Istvan"]
[Result "1/2-1/2"]
[WhiteElo "2470"]
[BlackElo "2375"]
[PlyCount "47"]
[EventDate "1995.??.??"]
[Source "www.chesslib.no"]
[SourceDate "2004.05.04"]

1. e4 e6 2. d4 d5 3. Nd2 c5 4. exd5 Qxd5 5. Ngf3 cxd4 6. Bc4 Qd8 7. O-O a6 8. a4 Nc6 9. Nb3 Nf6 10. Nbxd4 Nxd4 11. Nxd4 Bd6 12. b3 O-O 13. Bb2 e5 14. Ne2 Bf5 15. Ng3 Bg6 16. Qe2 Re8 17. f3 Nh5 18. Nxh5 Bxh5 19. Rad1 Qc7 20. Rd5 Rad8 21. Kh1 Kh8 22. Qf2 Bg6 23. Rfd1 f6 24. Qd2 1/2-1/2

[Event "Open, Mallorca ESP"]
[Site "?"]
[Date "2000.??.??"]
[Round "2"]
[White "Kolev, At"]
[Black "Martinez Gonzalez, A."]
[Result "1-0"]
[WhiteElo "2580"]
[BlackElo "2250"]
[PlyCount "129"]
[EventDate "2000.??.??"]
[Source "www.chesslib.no"]
[SourceDate "2004.05.04"]

1. d4 e6 2. e4 d5 3. Nd2 c5 4. Ngf3 cxd4 5. exd5 Qxd5 6. Bc4 Qd8 7. O-O Ne7 8. Nb3 Ng6 9. Nbxd4 a6 10. Qe2 Be7 11. c3 O-O 12. Bd3 Qc7 13. h4 Re8 14. Re1 Bd7 15. h5 Nf8 16. Ne5 Bd6 17. Bf4 Nc6 18. Ndf3 Nxe5 19. Bxe5 Bc6 20. Bxd6 Qxd6 21. Ne5 h6 22. Rad1 Qc7 23. Rd2 Rad8 24. Nxc6 Qxc6 25. Red1 Qc7 26. Be4 Rxd2 27. Qxd2 Rb8 28. Qd6 Qxd6 29. Rxd6 f5 30. Bf3 b6 31. Be2 a5 32. a4 Kf7 33. Rc6 Ke7 34. Bc4 Kd7 35. Bb5 Ke7 36. f4 Nh7 37. Bc4 Nf8 38. Kf2 Kd7 39. Bb5 Ke7 40. Ke3 Rb7 41. Ba6 Ra7 42. Bc4 Rb7 43. b4 axb4 44. cxb4 Kd7 45. Bb5 Ke7 46. g3 Nd7 47. Bc4 Nf8 48. Kd4 Kd7 49. Bb5 Ke7 50. Kc3 Nd7 51. Bc4 Nf6 52. Rxe6+ Kd8 53. Ba6 Re7 54. Rxe7 Kxe7 55. Bb7 Nxh5 56. a5 bxa5 57. bxa5 Nf6 58. a6 Ne8 59. a7 Nc7 60. a8=Q Nxa8 61. Bxa8 Kf6 62. Kd4 g5 63. Bf3 Kg6 64. Ke5 h5 65. Bxh5+ 1-0

[Event "JUG-ch sf"]
[Site "Kladovo"]
[Date "1996.??.??"]
[Round "?"]
[White "Savicevic, Vlatko"]
[Black "Certic, Branimir"]
[Result "1/2-1/2"]
[WhiteElo "2390"]
[BlackElo "2440"]
[PlyCount "70"]
[EventDate "1996.??.??"]
[Source "www.chesslib.no"]
[SourceDate "2004.05.04"]

1. e4 e6 2. d4 d5 3. Nd2 c5 4. exd5 Qxd5 5. Ngf3 cxd4 6. Bc4 Qd8 7. O-O a6 8. Nb3 Qc7 9. Qe2 Bd6 10. Nbxd4 Ne7 11. Re1 Nbc6 12. h3 Nxd4 13. Nxd4 O-O 14. c3 Bd7 15. Bg5 Ng6 16. Bb3 e5 17. Nc2 Kh8 18. Ne3 f6 19. Nd5 Qc6 20. Be3 Bc5 21. Rad1 Rad8 22. Rd2 Bxe3 23. Qxe3 Be6 24. Red1 Rde8 25. Nb4 Qc8 26. Bxe6 Rxe6 27. Rd6 Nf4 28. Qb6 Rxd6 29. Qxd6 h6 30. Qe7 Re8 31. Qd7 Ne6 32. Rd6 Nc5 33. Qf7 Rf8 34. Qe7 Re8 35. Qf7 Rf8 1/2-1/2

[Event "CADAP"]
[Site "?"]
[Date "2001.05.15"]
[Round "?"]
[White "Rinaldi Carlos Alberto (ARG"]
[Black "Andersen Jens (GER)"]
[Result "1/2-1/2"]
[WhiteElo "2324"]
[BlackElo "2501"]
[PlyCount "134"]
[EventDate "2001.??.??"]
[Source "www.chesslib.no"]
[SourceDate "2004.05.04"]

1. e4 e6 2. d4 d5 3. Nd2 c5 4. exd5 Qxd5 5. Ngf3 cxd4 6. Bc4 Qd8 7. O-O a6 8. Nb3 Qc7 9. Qxd4 Nc6 10. Qh4 Bd6 11. Bd2 Ne5 12. Nxe5 Bxe5 13. Rab1 Ne7 14. Bd3 b6 15. c3 Bb7 16. Rfe1 Rd8 17. Bc2 Bf6 18. Bg5 Bxg5 19. Qxg5 h6 20. Qg4 Rd5 21. Qa4+ b5 22. Qa5 Rd7 23. Qa3 O-O 24. Nc5 Rd2 25. Be4 Bc6 26. Bxc6 Qxc6 27. Nb3 Rd6 28. Rbd1 Rfd8 29. Rxd6 Rxd6 30. Qc5 Qe4 31. Rf1 Nf5 32. Qa7 e5 33. Nc5 Qd5 34. f3 Nh4 35. Ne4 Rg6 36. Ng3 f5 37. Kh1 Qxa2 38. Qe7 Rg5 39. Qb4 f4 40. Ne4 Rxg2 41. Qe7 Qxb2 42. Qd8+ Kf7 43. Qxh4 Qe2 44. Rg1 Rxg1+ 45. Kxg1 Qxf3 46. Qe1 Qg4+ 47. Kf1 Qh3+ 48. Kg1 Qd3 49. Nc5 Qd6 50. Ne4 Qd5 51. Qb1 a5 52. Nf2 g6 53. h4 h5 54. Ne4 a4 55. Qb4 Qd1+ 56. Kf2 Qg4 57. Qxb5 Qxh4+ 58. Ke2 Qh2+ 59. Nf2 Qh4 60. Qc4+ Kg7 61. Qc7+ Kf8 62. Qd6+ Kf7 63. Qd5+ Kg7 64. Qxe5+ Qf6 65. Qc7+ Kh6 66. Ne4 Qf5 67. Qe7 g5 1/2-1/2

[Event "It (Men) Alushta UKR"]
[Site "?"]
[Date "2005.09.26"]
[Round "2"]
[White "Shtyrenkov Veniamen"]
[Black "Alexeev Alexey"]
[Result "1-0"]
[WhiteElo "2459"]
[BlackElo "2356"]
[PlyCount "95"]
[EventDate "2005.??.??"]
[Source "www.chesslib.no"]
[SourceDate "2004.05.04"]

1. e4 e6 2. d4 d5 3. Nd2 c5 4. exd5 Qxd5 5. Ngf3 cxd4 6. Bc4 Qd8 7. O-O a6 8. Nb3 Qc7 9. Qe2 Bd6 10. Nbxd4 Ne7 11. Re1 Nbc6 12. Nxc6 Nxc6 13. Bd3 Bd7 14. a3 h6 15. b4 O-O 16. Bb2 Rae8 17. c4 b6 18. Rad1 a5 19. Bb1 e5 20. Qe4 g6 21. Qd5 Re6 22. c5 bxc5 23. bxc5 Qb8 24. Ba1 Bc7 25. Bxg6 Rxg6 26. Qxd7 Rd8 27. Qf5 Rxd1 28. Rxd1 Qb3 29. Qd3 Qa4 30. Re1 Qg4 31. g3 Re6 32. Re4 Qg6 33. Nh4 Qg5 34. Kg2 Qe7 35. Qc4 Qd7 36. Bc3 Ne7 37. Re2 Qc6+ 38. f3 Kf8 39. a4 Qd7 40. Qe4 Qd5 41. Qh7 Ng8 42. Rd2 Qc6 43. Nf5 Rg6 44. Bxe5 Bxe5 45. Rd8+ Qe8 46. Rxe8+ Kxe8 47. Nh4 Nf6 48. Qh8+ 1-0

[Event "US-op"]
[Site "Concord"]
[Date "1995.??.??"]
[Round "11"]
[White "Kelson, Richard"]
[Black "Remlinger, Larry"]
[Result "1/2-1/2"]
[WhiteElo "2340"]
[BlackElo "2465"]
[PlyCount "60"]
[EventDate "1995.??.??"]
[Source "www.chesslib.no"]
[SourceDate "2004.05.04"]

1. e4 e6 2. d4 d5 3. Nd2 c5 4. exd5 Qxd5 5. Ngf3 cxd4 6. Bc4 Qd8 7. O-O a6 8. a4 Qc7 9. Bb3 Nf6 10. Nc4 Bc5 11. Nxd4 O-O 12. Nf3 b6 13. Qe2 Bb7 14. Qe5 Qc6 15. Qg3 Kh8 16. Nce5 Qe8 17. Qh4 Nc6 18. Re1 Nxe5 19. Nxe5 Nd7 20. Nd3 Be7 21. Qh3 Bf6 22. Be3 Qc8 23. Rad1 Re8 24. Bc1 Ra7 25. c3 Ba8 26. Nf4 Nf8 27. Nh5 Be7 28. Qg3 Ng6 29. Be3 Bc5 30. Bf4 Bf8 1/2-1/2

[Event "Evry GM 2nd"]
[Site "Evry"]
[Date "2002.04.26"]
[Round "5"]
[White "Marcelin, Cyril"]
[Black "Leroy, Didier"]
[Result "1-0"]
[WhiteElo "2452"]
[BlackElo "2346"]
[PlyCount "79"]
[EventDate "2002.04.22"]
[Source "ChessBase"]
[SourceDate "2002.07.08"]

1. e4 e6 2. d4 d5 3. Nd2 c5 4. exd5 Qxd5 5. Ngf3 cxd4 6. Bc4 Qd8 7. Nb3 Qc7 8. Qe2 Nc6 9. Nbxd4 Nxd4 10. Nxd4 a6 11. Bg5 Be7 12. h4 Nf6 13. O-O-O h6 14. Bd2 Bd7 15. Rh3 Qc5 16. Be3 Qh5 17. f3 Qa5 18. g4 Rc8 19. Kb1 Qc7 20. Bb3 g6 21. Qd2 e5 22. Ne2 Rd8 23. Qe1 h5 24. Bg5 hxg4 25. fxg4 Bxg4 26. Rxd8+ Bxd8 27. Rc3 Qb6 28. Nf4 Kf8 29. Nd3 e4 30. Ne5 Be6 31. a4 Kg7 32. Be3 Qd6 33. Bf4 Qe7 34. Qg1 Ba5 35. Rg3 Bxb3 36. cxb3 Nh5 37. Rxg6+ Kf8 38. Bh6+ Ke8 39. Rg8+ Rxg8 40. Qxg8+ 1-0

[Event "RUS-ch U20"]
[Site "Sochi"]
[Date "1998.??.??"]
[Round "6"]
[White "Batsanin, Dmitry"]
[Black "Kosyrev, Vladimir"]
[Result "1/2-1/2"]
[WhiteElo "2370"]
[BlackElo "2405"]
[PlyCount "42"]
[EventDate "1998.??.??"]
[Source "www.chesslib.no"]
[SourceDate "2004.05.04"]

1. e4 e6 2. d4 d5 3. Nd2 c5 4. exd5 Qxd5 5. Ngf3 cxd4 6. Bc4 Qd8 7. Nb3 Bb4+ 8. Bd2 Bxd2+ 9. Qxd2 Nf6 10. Nbxd4 O-O 11. O-O Qc7 12. Bb3 Bd7 13. Rfe1 Nc6 14. c3 Rfd8 15. Qg5 Rac8 16. Re3 Qa5 17. Qh4 Qh5 18. Qxh5 Nxh5 19. Rd1 Na5 20. Ne5 Nxb3 21. axb3 Be8 1/2-1/2

[Event "Costa Rica Ch"]
[Site "CRA"]
[Date "1996.??.??"]
[Round "?"]
[White "Murillo, Alexis"]
[Black "Minero Pineda, Sergio"]
[Result "1/2-1/2"]
[WhiteElo "2365"]
[BlackElo "2405"]
[PlyCount "54"]
[EventDate "1996.??.??"]
[Source "www.chesslib.no"]
[SourceDate "2004.05.04"]

1. e4 e6 2. d4 d5 3. Nd2 c5 4. Ngf3 cxd4 5. exd5 Qxd5 6. Bc4 Qd8 7. O-O a6 8. Nb3 Qc7 9. Qe2 Nc6 10. Nbxd4 Nxd4 11. Nxd4 Bd6 12. Rd1 Ne7 13. h3 O-O 14. Bd3 e5 15. Nf3 h6 16. b3 Be6 17. Bb2 Nc6 18. Be4 f6 19. c4 Rad8 20. Rac1 Bc5 21. Rxd8 Rxd8 22. Rd1 Rxd1+ 23. Qxd1 b6 24. Bd5 Qd6 25. Bxe6+ Qxe6 26. Ne1 a5 27. Nc2 Kf7 1/2-1/2